| 000 | 01075cam a22002897a 4500 | ||
|---|---|---|---|
| 001 | 507232 | ||
| 003 | GBCCL | ||
| 005 | 20241126110408.0 | ||
| 008 | 820921s1980 sz a b 100 0 eng | ||
| 010 | _a 81159907 | ||
| 020 | _a2825406635 (pbk.) | ||
| 035 | _a(OCoLC)ocn686917117 | ||
| 035 | _a(CStRLIN)CTYT82-B1206 | ||
| 035 | _a507232 | ||
| 040 |
_aCtY-D _cCtY-D |
||
| 050 | 0 |
_aBV2020 _b.W59 1980 |
|
| 082 | 0 |
_a266 _219 _bYOU |
|
| 090 |
_aBV2020 _b.W59 1980 |
||
| 111 | 2 |
_aWorld Conference on Mission and Evangelism _d(1980 : _cMelbourne, Vic.) _93586 |
|
| 245 | 1 | 0 | _aYour Kingdom Come : mission perspectives : report on the World Conference on Mission and Evangelism, Melbourne, Australia 12-25 may, 1980. |
| 260 | 0 |
_aGeneva : _bCommission on World Mission and Evangelism, World Council of Churches, _cc1980. |
|
| 300 |
_aix, 283 p. : _bill. ; _c22 cm. |
||
| 650 | 0 |
_aMissions _vCongresses. _93497 |
|
| 650 | 0 |
_aKingdom of God _vCongresses. _93587 |
|
| 710 | 2 |
_aWorld Council of Churches. _bCommission on World Mission and Evangelism. _5797 _93588 |
|
| 942 |
_2ddc _cBK _03 |
||
| 999 |
_c1742 _d1742 |
||